[Event "WchT Blitz Pool B"]
[Site "London"]
[Date "2025.06.14"]
[Round "12.4"]
[White "McShane, Luke J"]
[Black "Dominguez Perez, Leinier"]
[Result "0-1"]
[WhiteElo "2615"]
[BlackElo "2738"]
[PlyCount "112"]
[EventDate "2025.06.14"]
[EventType "team-tourn"]
[EventRounds "13"]
[EventCountry "ENG"]
[SourceTitle "CB25_2025"]
[SourceDate "2025.06.18"]
[SourceVersion "1"]
[SourceVersionDate "2025.06.18"]
[SourceQuality "1"]
[WhiteTeam "Malcolm's Mates"]
[BlackTeam "Hexamind Team"]
[WhiteTeamCountry "ENG"]
[BlackTeamCountry "USA"]

1. e4 c5 2. Nf3 d6 3. d4 cxd4 4. Nxd4 Nf6 5. Nc3 a6 6. Be2 e5 7. Nb3 Be7 8. Bg5 Be6 9. Bxf6 Bxf6 10. Qd3 0-0 11. 0-0-0 Be7 12. Nd5 Bxd5 13. Qxd5 Qc7 14. Kb1 Nd7 15. Nd2 Nf6 16. Qd3 Rfd8 17. Bf3 Rac8 18. Nf1 d5 19. exd5 Nxd5 20. Bxd5 Rxd5 21. Qe2 Rxd1+ 22. Qxd1 Bc5 23. Qe2 Qb6 24. Ne3 Bd4 25. c3 Rxc3 26. Nd5 Qg6+ 27. Ka1 Qxg2 28. Rd1 Qxd5 29. bxc3 Bxc3+ 30. Kb1 Bd4 31. f3 g6 32. Qd3 Qc6 33. Rc1 Qb6+ 34. Qb3 Qa5 35. Qxb7 Qd2 36. Qb3 Kg7 37. Rc7 Qf4 38. Qd5 h5 39. h3 Qf5+ 40. Kc1 Qg5+ 41. Kc2 Qf5+ 42. Kb3 h4 43. Ka4 Qf4 44. Ka5 Bf2 45. Kxa6 e4 46. Rc4 Qf6+ 47. Rc6 Qxf3 48. Qe5+ Kh7 49. Rc8 Qd3+ 50. Kb7 Qb1+ 51. Kc6 Qc2+ 52. Kd7 Qa4+ 53. Ke7 Qa7+ 54. Ke8 Bd4 55. Qxe4 Bf6 56. Qd5 Qe7# 0-1

[Event "WchT Blitz Pool B"]
[Site "London"]
[Date "2025.06.14"]
[Round "4.4"]
[White "McShane, Luke J"]
[Black "Purton, Benjamin"]
[Result "1-0"]
[WhiteElo "2615"]
[BlackElo "2173"]
[PlyCount "60"]
[EventDate "2025.06.14"]
[EventType "team-tourn"]
[EventRounds "13"]
[EventCountry "ENG"]
[SourceTitle "CB25_2025"]
[SourceDate "2025.06.18"]
[SourceVersion "1"]
[SourceVersionDate "2025.06.18"]
[SourceQuality "1"]
[WhiteTeam "Malcolm's Mates"]
[BlackTeam "Sharks 4NCL"]
[WhiteTeamCountry "ENG"]
[BlackTeamCountry "ENG"]

1. e4 d6 2. d4 Nf6 3. Nc3 c6 4. Nf3 Bg4 5. Be2 e6 6. 0-0 d5 7. Bg5 Be7 8. e5 Nfd7 9. Bxe7 Qxe7 10. Ne1 Bxe2 11. Nxe2 c5 12. c3 Nc6 13. Nd3 0-0 14. Qd2 Rac8 15. Rac1 b6 16. b3 f6 17. f4 a5 18. Qe3 cxd4 19. cxd4 f5 20. Nc3 Nb4 21. a4 Nb8 22. Nb5 N8c6 23. Nd6 Rc7 24. Ne1 h6 25. Nf3 Kh7 26. Qd2 g6 27. Rc3 Rg8 28. h4 Rb8 29. Rfc1 Rg8 30. Qe2 Rd7 1-0

[Event "WchT Blitz Pool B"]
[Site "London"]
[Date "2025.06.14"]
[Round "8.4"]
[White "McShane, Luke J"]
[Black "Sarana, Alexey"]
[Result "0-1"]
[WhiteElo "2615"]
[BlackElo "2686"]
[PlyCount "121"]
[EventDate "2025.06.14"]
[EventType "team-tourn"]
[EventRounds "13"]
[EventCountry "ENG"]
[SourceTitle "CB25_2025"]
[SourceDate "2025.06.18"]
[SourceVersion "1"]
[SourceVersionDate "2025.06.18"]
[SourceQuality "1"]
[WhiteTeam "Malcolm's Mates"]
[BlackTeam "Freedom"]
[WhiteTeamCountry "ENG"]
[BlackTeamCountry "IND"]

1. e4 c5 2. Nf3 d6 3. d4 cxd4 4. Nxd4 Nf6 5. Nc3 a6 6. Be2 e5 7. Nb3 Be6 8. Bg5 Nbd7 9. 0-0 h6 10. Be3 Be7 11. a4 Nb6 12. Qd2 Rc8 13. Rfd1 0-0 14. Qe1 Nc4 15. Bxc4 Rxc4 16. Nd2 Rc8 17. Nf1 b5 18. axb5 axb5 19. Ng3 b4 20. Nb5 d5 21. exd5 Nxd5 22. c3 Qe8 23. Ra5 bxc3 24. Nxc3 Nxc3 25. bxc3 f6 26. Ra7 Rf7 27. Ne4 Qc6 28. f3 Bf5 29. Ng3 Bc2 30. Rc1 Bg6 31. c4 Qe6 32. c5 Bf8 33. Rxf7 Qxf7 34. c6 Qd5 35. Qc3 Be8 36. c7 Bd6 37. Bb6 Qb5 38. Qa5 Qb2 39. Rd1 Be7 40. Nf5 Bf8 41. h3 Kh7 42. Kh2 Bg6 43. Nd6 Bxd6 44. Rxd6 e4 45. Rd2 Qc1 46. fxe4 Bxe4 47. Qb4 Bf5 48. Qf4 Bg6 49. Qd6 Qc4 50. Rf2 Qa6 51. Bc5 Qb7 52. Bb6 Qa6 53. Qc6 Be8 54. Qe4+ Bg6 55. Qe6 Qb7 56. Qd6 Qa6 57. Rb2 Qa1 58. Bd4 Qc1 59. Rb7 Be4 60. Ra7 Qd2 61. Qg3 0-1

[Event "WchT Blitz Pool B"]
[Site "London"]
[Date "2025.06.14"]
[Round "5.4"]
[White "Wadsworth, Matthew J"]
[Black "McShane, Luke J"]
[Result "0-1"]
[WhiteElo "2481"]
[BlackElo "2615"]
[PlyCount "100"]
[EventDate "2025.06.14"]
[EventType "team-tourn"]
[EventRounds "13"]
[EventCountry "ENG"]
[SourceTitle "CB25_2025"]
[SourceDate "2025.06.18"]
[SourceVersion "1"]
[SourceVersionDate "2025.06.18"]
[SourceQuality "1"]
[WhiteTeam "Wood Green"]
[BlackTeam "Malcolm's Mates"]
[WhiteTeamCountry "ENG"]
[BlackTeamCountry "ENG"]

1. Nf3 Nf6 2. c4 g6 3. g3 Bg7 4. Bg2 0-0 5. d4 d6 6. Nc3 Nbd7 7. 0-0 e5 8. e4 exd4 9. Nxd4 c6 10. h3 Qb6 11. Nc2 Re8 12. Rb1 Nc5 13. Re1 Nfd7 14. Be3 Qc7 15. Bd4 Bf8 16. b3 a5 17. f4 Ne6 18. Bf2 Bg7 19. Ne2 Nec5 20. Ned4 Nf6 21. e5 dxe5 22. fxe5 Rxe5 23. Rxe5 Qxe5 24. Nf3 Qe7 25. Qe1 Qxe1+ 26. Nfxe1 Nce4 27. Rd1 Be6 28. Nd4 Rd8 29. Bf3 Nxf2 30. Kxf2 Bxh3 31. Ndc2 Rxd1 32. Bxd1 Ne4+ 33. Kf3 Nc3 34. Be2 h5 35. Kf2 Nxa2 36. Nd3 Nc3 37. Nc5 Bc8 38. Bf3 Bf8 39. Nd3 a4 40. bxa4 Nxa4 41. Nd4 Nc5 42. Nf4 Bg7 43. Nde2 Be5 44. Ke3 Kg7 45. Nd3 Nxd3 46. Kxd3 Kf6 47. Ke3 Bd6 48. Kd3 Bf5+ 49. Ke3 Ke5 50. Nf4 Bc5+ 0-1

[Event "WchT Blitz Pool B"]
[Site "London"]
[Date "2025.06.14"]
[Round "7.4"]
[White "Wanyama, Harold"]
[Black "McShane, Luke J"]
[Result "0-1"]
[WhiteElo "2143"]
[BlackElo "2615"]
[PlyCount "51"]
[EventDate "2025.06.14"]
[EventType "team-tourn"]
[EventRounds "13"]
[EventCountry "ENG"]
[SourceTitle "CB25_2025"]
[SourceDate "2025.06.18"]
[SourceVersion "1"]
[SourceVersionDate "2025.06.18"]
[SourceQuality "1"]
[WhiteTeam "Mother Continent"]
[BlackTeam "Malcolm's Mates"]
[WhiteTeamCountry "RSA"]
[BlackTeamCountry "ENG"]

1. d4 Nf6 2. c4 g6 3. Nc3 Bg7 4. e4 0-0 5. h3 d6 6. Be3 e5 7. d5 a5 8. g4 Na6 9. Nge2 h5 10. f3 c6 11. Ng3 h4 12. Nge2 Nd7 13. dxc6 Ndc5 14. cxb7 Bxb7 15. Qd2 Nb4 16. Nc1 Nc6 17. Nb5 Ne6 18. Ne2 Qf6 19. Bg2 Rfd8 20. 0-0 Ba6 21. Nec3 Bf8 22. Rad1 Rab8 23. Nd5 Qh8 24. Bb6 Rd7 25. g5 Bg7 26. a4 0-1

[Event "WchT Rapid"]
[Site "London"]
[Date "2025.06.13"]
[Round "10.1"]
[White "Ghasi, Ameet K"]
[Black "Mcshane, Luke J"]
[Result "0-1"]
[WhiteElo "2483"]
[BlackElo "2702"]
[PlyCount "114"]
[EventDate "2025.06.11"]
[EventType "team-swiss"]
[EventRounds "12"]
[EventCountry "ENG"]
[SourceTitle "CB25_2025"]
[SourceDate "2025.06.18"]
[SourceVersion "1"]
[SourceVersionDate "2025.06.18"]
[SourceQuality "1"]
[WhiteTeam "Sharks 4NCL"]
[BlackTeam "Malcolm's Mates"]
[WhiteTeamCountry "ENG"]
[BlackTeamCountry "ENG"]

1. Nf3 Nf6 2. g3 b5 3. e3 a6 4. b3 Bb7 5. c4 b4 6. d4 e6 7. Bg2 c5 8. Bb2 a5 9. a4 cxd4 10. exd4 d5 11. c5 Ba6 12. Nbd2 Be7 13. Bf1 Bxf1 14. Kxf1 0-0 15. Qc2 Nc6 16. Kg2 Rc8 17. h4 Ng4 18. Ng5 g6 19. Ndf3 Bf6 20. Rae1 Re8 21. Qd2 h5 22. Re2 Ne7 23. Rhe1 Nf5 24. Qd3 Rc6 25. Bc1 Qc8 26. Bf4 Bg7 27. Qd2 Ra6 28. Qd3 Rc6 29. Nh3 Qa6 30. Qd1 Rcc8 31. Nhg5 Rc6 32. Rd2 Rcc8 33. Nh2 Nxh2 34. Kxh2 Re7 35. g4 hxg4 36. Qxg4 Bxd4 37. Rxd4 Nxd4 38. Be5 Nf5 39. h5 Qd3 40. Kg2 Nh6 41. Qh4 Qf5 42. Bd6 Rd7 43. Kf1 Re8 44. hxg6 Qxg6 45. Nf3 f6 46. Nd4 Rg7 47. Qh3 e5 48. Nb5 Ng4 49. c6 Qc2 50. Qh4 Qxc6 51. Qh5 d4 52. Nxd4 Nh2+ 53. Qxh2 exd4 54. Rxe8+ Qxe8 55. Qh4 Qe6 56. Bc5 d3 57. Be3 Qxb3 0-1

[Event "WchT Rapid"]
[Site "London"]
[Date "2025.06.11"]
[Round "1.1"]
[White "McShane, Luke J"]
[Black "Ganerdene, Sugar"]
[Result "1/2-1/2"]
[WhiteElo "2702"]
[BlackElo "2433"]
[PlyCount "104"]
[EventDate "2025.06.11"]
[EventType "team-swiss"]
[EventRounds "12"]
[EventCountry "ENG"]
[SourceTitle "CB25_2025"]
[SourceDate "2025.06.18"]
[SourceVersion "1"]
[SourceVersionDate "2025.06.18"]
[SourceQuality "1"]
[WhiteTeam "Malcolm's Mates"]
[BlackTeam "Mongolia II"]
[WhiteTeamCountry "ENG"]
[BlackTeamCountry "MGL"]

1. e4 c5 2. Nf3 d6 3. d4 cxd4 4. Nxd4 Nf6 5. Nc3 Nc6 6. Be2 e5 7. Nf3 h6 8. 0-0 Be6 9. Re1 Be7 10. Bf1 0-0 11. Nd5 Re8 12. c4 Bg4 13. h3 Bxf3 14. Nxe7+ Qxe7 15. Qxf3 Nd7 16. Be3 Nc5 17. g3 Ne6 18. Qd1 Rac8 19. b3 a6 20. Rb1 Rf8 21. Rb2 Rcd8 22. Rd2 Ncd4 23. f4 f5 24. fxe5 dxe5 25. exf5 Nxf5 26. Rxd8 Rxd8 27. Qg4 Nxe3 28. Rxe3 Ng5 29. Qe2 Qc5 30. Bg2 e4 31. Kh2 Qb4 32. Qf1 Qd2 33. Re2 Qd3 34. h4 Nf3+ 35. Bxf3 exf3 36. Rf2 Qxf1 37. Rxf1 Rd2+ 38. Kh3 Rxa2 39. Rxf3 Ra3 40. Kg4 a5 41. h5 Kh7 42. c5 a4 43. bxa4 Rxa4+ 44. Rf4 Ra5 45. Rf5 Ra4+ 46. Kf3 Rc4 47. Rd5 Kg8 48. Rd8+ Kf7 49. Rd7+ Kf6 50. Rxb7 Rxc5 51. Rb6+ Kf7 52. g4 Ra5 1/2-1/2

[Event "WchT Rapid"]
[Site "London"]
[Date "2025.06.11"]
[Round "2.1"]
[White "Shirov, Alexei"]
[Black "McShane, Luke J"]
[Result "1-0"]
[WhiteElo "2707"]
[BlackElo "2702"]
[PlyCount "151"]
[EventDate "2025.06.11"]
[EventType "team-swiss"]
[EventRounds "12"]
[EventCountry "ENG"]
[SourceTitle "CB25_2025"]
[SourceDate "2025.06.18"]
[SourceVersion "1"]
[SourceVersionDate "2025.06.18"]
[SourceQuality "1"]
[WhiteTeam "Global Ramblers"]
[BlackTeam "Malcolm's Mates"]
[WhiteTeamCountry "UKR"]
[BlackTeamCountry "ENG"]

1. e4 e5 2. Nf3 Nc6 3. Bc4 Nf6 4. d3 Bc5 5. Bg5 0-0 6. Nbd2 Be7 7. a4 d6 8. a5 Ng4 9. Bxe7 Nxe7 10. a6 b6 11. h3 Nf6 12. Nf1 c6 13. Ng3 b5 14. Bb3 Qb6 15. Nh4 d5 16. Qf3 Be6 17. 0-0 Rfe8 18. Rfe1 Rad8 19. exd5 cxd5 20. Rxe5 Qd4 21. Rg5 h6 22. Nhf5 Nxf5 23. Nxf5 Qxb2 24. Nxh6+ Kh7 25. Re1 gxh6 26. Rge5 Nd7 27. R5e3 Qf6 28. Bxd5 Qxf3 29. Bxf3 Rc8 30. d4 Nf6 31. Be2 Red8 32. Re5 Rxd4 33. Bd3+ Kg7 34. Rxb5 Rc7 35. Re3 Nd5 36. Rg3+ Kf6 37. Rf3+ Ke7 38. Rb8 Nb4 39. Bb5 Nxc2 40. Rb7 Kd6 41. Rf6 Rd1+ 42. Kh2 Nd4 43. Rxh6 Nxb5 44. Rxb5 Ke7 45. f4 Rd5 46. Rb2 Ra5 47. g4 Rac5 48. Kg3 Rc2 49. Rxc2 Rxc2 50. f5 Bd7 51. h4 Rc6 52. Rh8 Rxa6 53. h5 Ra1 54. h6 Rh1 55. Kf4 a5 56. Ra8 Rxh6 57. Rxa5 Rb6 58. Kg5 Kf8 59. Rd5 Be8 60. Rd4 Kg7 61. Re4 Kf8 62. Rd4 Ra6 63. Rd8 f6+ 64. Kh4 Ke7 65. Rd4 Ra1 66. Re4+ Kf7 67. Kg3 Rg1+ 68. Kf2 Rc1 69. Kg3 Bd7 70. Rd4 Bc6 71. Rd6 Rc3+ 72. Kh4 Rc1 73. Kg3 Rc4 74. g5 fxg5 75. Rg6 Rc3+ 76. Kg4 1-0

[Event "Bundesliga 2425"]
[Site "Germany"]
[Date "2025.01.11"]
[Round "5.2"]
[White "McShane, Luke J"]
[Black "Giri, Anish"]
[Result "1/2-1/2"]
[WhiteElo "2611"]
[BlackElo "2724"]
[PlyCount "116"]
[EventDate "2024.09.28"]
[EventType "team-tourn"]
[EventRounds "15"]
[EventCountry "GER"]
[SourceTitle "CB06_2025"]
[SourceDate "2025.02.05"]
[SourceVersion "1"]
[SourceVersionDate "2025.02.05"]
[SourceQuality "1"]
[WhiteTeam "Werder Bremen"]
[BlackTeam "Duesseldorf"]
[WhiteTeamCountry "GER"]
[BlackTeamCountry "GER"]

1. e4 c5 2. Nf3 d6 3. Bb5+ Nd7 4. d4 cxd4 5. Qxd4 a6 6. Be2 Ngf6 7. 0-0 e5 8. Qe3 Nc5 9. Nfd2 h5 10. a4 g6 11. a5 Bh6 12. Qa3 0-0 13. Nc3 Be6 14. Rd1 Qc7 15. Nc4 Bxc1 16. Raxc1 Ncxe4 17. Nxe4 Nxe4 18. Nxd6 Nxd6 19. Qxd6 Qxa5 20. Ra1 Qd8 21. Qxe5 Qe7 22. Bc4 Rfe8 23. Bxe6 Qxe6 24. Qxe6 Rxe6 25. Rd2 Rc8 26. g3 Rc5 27. Kg2 Kg7 28. h4 Rb6 29. c3 Rcb5 30. Ra2 Rb3 31. Kf3 Re6 32. Ra4 Reb6 33. Ra2 Kf6 34. Re2 R6b5 35. Rd2 Kf5 36. Re2 f6 37. Kg2 g5 38. hxg5 fxg5 39. f3 a5 40. Kf2 b6 41. Kf1 g4 42. Kf2 Kg5 43. fxg4 hxg4 44. Kg2 Kf5 45. Kf2 Re5 46. Rd2 Kg5 47. Kg2 Reb5 48. Rf2 Rf5 49. Re2 Rbb5 50. Ra4 Rbe5 51. Rd2 Rd5 52. Re2 Rde5 53. Rd2 Re1 54. Rad4 Rfe5 55. Kf2 Rh1 56. Kg2 Rhe1 57. Kf2 Rh1 58. Kg2 Rhe1 1/2-1/2

[Event "London Classic Superblitz Gp-C"]
[Site "London"]
[Date "2024.12.07"]
[Round "7"]
[White "Trent, Lawrence"]
[Black "McShane, Luke J"]
[Result "0-1"]
[WhiteElo "2409"]
[BlackElo "2609"]
[PlyCount "64"]
[EventDate "2024.12.07"]
[EventType "tourn (blitz)"]
[EventRounds "7"]
[EventCountry "ENG"]
[EventCategory "10"]
[SourceTitle "CB04_2025"]
[SourceDate "2025.01.22"]
[SourceVersion "1"]
[SourceVersionDate "2025.01.22"]
[SourceQuality "1"]

1. Nc3 e5 2. Nf3 Nc6 3. d4 exd4 4. Nxd4 Bc5 5. Nf5 g6 6. Be3 Bxe3 7. Nxe3 Nf6 8. Qd2 d6 9. Ned5 Be6 10. e4 0-0 11. 0-0-0 Bxd5 12. exd5 Ne5 13. Be2 Re8 14. h4 a6 15. h5 b5 16. hxg6 fxg6 17. Rh4 Qe7 18. Rdh1 Nf7 19. Bd3 Qe5 20. f4 Qe3 21. Qxe3 Rxe3 22. g4 Rae8 23. g5 Nh5 24. f5 Ne5 25. fxg6 Nxd3+ 26. cxd3 hxg6 27. Ne4 Rxd3 28. Nf6+ Nxf6 29. gxf6 Re5 30. Rh7 Rh5 31. Rg7+ Kf8 32. Re1 Rf3 0-1

[Event "Bundesliga 2425"]
[Site "Germany"]
[Date "2024.10.06"]
[Round "2.6"]
[White "Kazakouski, Valery"]
[Black "McShane, Luke J"]
[Result "1/2-1/2"]
[WhiteElo "2577"]
[BlackElo "2611"]
[PlyCount "102"]
[EventDate "2024.09.28"]
[EventType "team-tourn"]
[EventRounds "15"]
[EventCountry "GER"]
[SourceTitle "EXT 2025"]
[Source "ChessBase"]
[SourceDate "2024.10.14"]
[SourceVersion "1"]
[SourceVersionDate "2024.10.14"]
[SourceQuality "1"]
[WhiteTeam "Bad Mergentheim"]
[BlackTeam "Werder Bremen"]
[WhiteTeamCountry "GER"]
[BlackTeamCountry "GER"]

1. e4 e5 2. Nf3 Nc6 3. Bc4 Bc5 4. c3 Nf6 5. d4 exd4 6. e5 d5 7. Be2 Ne4 8. cxd4 Bb6 9. Nc3 0-0 10. 0-0 Be6 11. Be3 f6 12. exf6 Nxf6 13. h3 Ne7 14. Bd3 c6 15. Qc2 Qc8 16. Ne2 Ne4 17. Ng3 Bxh3 18. Bxe4 dxe4 19. Qxe4 Qe6 20. Ng5 Qxe4 21. N5xe4 Bf5 22. Nc5 Bg6 23. Rfe1 Nd5 24. Bd2 Rf7 25. a3 h6 26. Ne2 Rd8 27. Rac1 Kh7 28. b4 Bxc5 29. dxc5 Rfd7 30. Nf4 Nc7 31. Bc3 Nb5 32. Bb2 Bf7 33. Re3 g5 34. Ne2 Rd2 35. Bf6 R8d7 36. a4 Nc7 37. Nc3 Nd5 38. Nxd5 Bxd5 39. Bc3 Ra2 40. Ra1 Rc2 41. Rae1 Kg6 42. R1e2 Rxe2 43. Rxe2 Bb3 44. a5 h5 45. Rd2 Bd5 46. f3 a6 47. Re2 Rf7 48. Bd2 Kf5 49. Kf2 g4 50. fxg4+ Kxg4+ 51. Kg1 Kf5 1/2-1/2

[Event "Olympiad-45"]
[Site "Budapest"]
[Date "2024.09.22"]
[Round "11.3"]
[White "McShane, Luke J"]
[Black "Sahidi, Samir"]
[Result "1/2-1/2"]
[WhiteElo "2611"]
[BlackElo "2474"]
[PlyCount "119"]
[EventDate "2024.09.11"]
[EventType "team-swiss"]
[EventRounds "11"]
[EventCountry "HUN"]
[SourceTitle "EXT 2025"]
[Source "ChessBase"]
[SourceDate "2024.10.14"]
[SourceVersion "1"]
[SourceVersionDate "2024.10.14"]
[SourceQuality "1"]
[WhiteTeam "England"]
[BlackTeam "Slovakia"]
[WhiteTeamCountry "ENG"]
[BlackTeamCountry "SVK"]

1. e4 c5 2. Nf3 d6 3. Bb5+ Nd7 4. 0-0 Ngf6 5. Re1 a6 6. Bf1 b6 7. d4 cxd4 8. Nxd4 Bb7 9. f3 e6 10. c4 Be7 11. Nc3 0-0 12. Be3 Qc7 13. Qd2 Rac8 14. Rac1 Qb8 15. b4 Rfe8 16. a3 Bd8 17. h3 Bc7 18. Rcd1 Nf8 19. Bf2 Ng6 20. f4 Qa8 21. Bd3 h6 22. Nc2 Red8 23. Qe3 Nd7 24. g3 Nf6 25. Bf1 h5 26. a4 Ne7 27. b5 a5 28. Bg2 Rd7 29. Qd3 Ng6 30. h4 Ng4 31. Bf3 Bd8 32. Bxg4 hxg4 33. Ne3 Bf6 34. Ncd5 exd5 35. exd5 Rdc7 36. h5 Nf8 37. Nxg4 Nh7 38. Ne3 Re7 39. Nf5 Rxe1+ 40. Rxe1 Re8 41. Rxe8+ Qxe8 42. Nxd6 Qd7 43. Nxb7 Qxb7 44. Qe3 Qc8 45. c5 bxc5 46. Qxc5 Qf5 47. b6 Qb1+ 48. Kg2 Nf8 49. Qxa5 Qe4+ 50. Kh2 Qf3 51. Qd2 Nd7 52. Kg1 Nxb6 53. Bxb6 Qxg3+ 54. Kf1 Qf3+ 55. Bf2 Qh1+ 56. Bg1 Qf3+ 57. Bf2 Qh1+ 58. Bg1 Qf3+ 59. Bf2 Qh1+ 60. Bg1 1/2-1/2

[Event "Olympiad-45"]
[Site "Budapest"]
[Date "2024.09.13"]
[Round "3.8"]
[White "McShane, Luke J"]
[Black "Thybo, Jesper Sondergaard"]
[Result "1/2-1/2"]
[WhiteElo "2611"]
[BlackElo "2555"]
[PlyCount "77"]
[EventDate "2024.09.11"]
[EventType "team-swiss"]
[EventRounds "11"]
[EventCountry "HUN"]
[SourceTitle "EXT 2025"]
[Source "ChessBase"]
[SourceDate "2024.10.14"]
[SourceVersion "1"]
[SourceVersionDate "2024.10.14"]
[SourceQuality "1"]
[WhiteTeam "England"]
[BlackTeam "Denmark"]
[WhiteTeamCountry "ENG"]
[BlackTeamCountry "DEN"]

1. e4 e5 2. Nf3 Nc6 3. Bb5 Nf6 4. d3 Bc5 5. Bxc6 dxc6 6. Nbd2 Nd7 7. Nc4 f6 8. Bd2 Nf8 9. b4 Be7 10. a4 Ng6 11. Ne3 0-0 12. h4 f5 13. Bc3 fxe4 14. dxe4 Nxh4 15. Nxh4 Bxh4 16. Qxd8 Bxd8 17. Nc4 Bf6 18. Nxe5 g5 19. 0-0-0 Re8 20. Rh5 h6 21. f4 Bxe5 22. fxe5 Bg4 23. Rxh6 Bxd1 24. e6 Kf8 25. Rh7 Be2 26. e7+ Rxe7 27. Rh8+ Kf7 28. Rxa8 Rxe4 29. Rxa7 Ba6 30. b5 cxb5 31. axb5 Bxb5 32. Rxb7 Bf1 33. Rxc7+ Kg6 34. g3 Re3 35. g4 Re4 36. Rc6+ Kh7 37. Rc7+ Kg6 38. Rc6+ Kh7 39. Rc7+ 1/2-1/2

[Event "BCF-ch"]
[Site "Hull"]
[Date "2024.08.04"]
[Round "9"]
[White "McShane, Luke J"]
[Black "Merry, Alan B"]
[Result "1-0"]
[WhiteElo "2617"]
[BlackElo "2423"]
[PlyCount "101"]
[EventDate "2024.07.27"]
[EventType "swiss"]
[EventRounds "9"]
[EventCountry "ENG"]
[SourceTitle "CBM 221 Extra"]
[Source "ChessBase"]
[SourceDate "2024.09.30"]
[SourceVersion "1"]
[SourceVersionDate "2024.09.30"]
[SourceQuality "1"]

1. e4 c6 2. d4 d5 3. e5 Bf5 4. Nd2 e6 5. Nb3 Nd7 6. Nf3 h6 7. Be2 Ne7 8. 0-0 g5 9. a4 Bg7 10. a5 0-0 11. Bd2 b6 12. Bb4 c5 13. dxc5 Nc6 14. Ba3 bxa5 15. Nbd4 Ndxe5 16. Nxf5 exf5 17. c3 Re8 18. Qa4 Qc7 19. Rad1 Rad8 20. g3 f4 21. Nd4 Nxd4 22. cxd4 f3 23. Bb5 Qc8 24. Rfe1 Nc6 25. Bf1 Rxe1 26. Rxe1 Bxd4 27. Qd1 g4 28. Bb5 Bg7 29. b3 Bc3 30. Rf1 Nd4 31. Bd3 Re8 32. Kh1 Qe6 33. Qc1 Bb4 34. Bxb4 axb4 35. Qf4 Ne2 36. Qxb4 h5 37. Qd2 Qf6 38. Bb5 Re5 39. c6 Qd6 40. Qc2 Qc7 41. h4 d4 42. Bc4 Kg7 43. Bxf7 d3 44. Qxd3 Qxf7 45. Rd1 Re7 46. Kh2 Qf6 47. Qc4 Qe6 48. Qc5 Rc7 49. Rd6 Qe7 50. Qd5 Nf4 51. Qd4+ 1-0

[Event "BCF-ch"]
[Site "Hull"]
[Date "2024.08.02"]
[Round "7"]
[White "McShane, Luke J"]
[Black "Royal, Shreyas"]
[Result "1/2-1/2"]
[WhiteElo "2617"]
[BlackElo "2487"]
[PlyCount "44"]
[EventDate "2024.07.27"]
[EventType "swiss"]
[EventRounds "9"]
[EventCountry "ENG"]
[SourceTitle "CBM 221 Extra"]
[Source "ChessBase"]
[SourceDate "2024.09.30"]
[SourceVersion "1"]
[SourceVersionDate "2024.09.30"]
[SourceQuality "1"]

1. e4 c5 2. Nf3 d6 3. Bb5+ Bd7 4. Bxd7+ Nxd7 5. 0-0 Ngf6 6. Qe2 e6 7. d4 cxd4 8. Nxd4 Nc5 9. Nc3 a6 10. Rd1 Qc7 11. a4 Be7 12. Nf3 0-0 13. Bf4 Ncd7 14. a5 Rac8 15. Ra4 Rfd8 16. h3 Ne5 17. Nd2 Nfd7 18. Be3 Nc5 19. Raa1 Bf6 20. Bd4 Be7 21. Be3 Bf6 22. Bd4 Be7 1/2-1/2

[Event "BCF-ch"]
[Site "Hull"]
[Date "2024.08.01"]
[Round "6"]
[White "Czopor, Maciej"]
[Black "McShane, Luke J"]
[Result "0-1"]
[WhiteElo "2361"]
[BlackElo "2617"]
[PlyCount "156"]
[EventDate "2024.07.27"]
[EventType "swiss"]
[EventRounds "9"]
[EventCountry "ENG"]
[SourceTitle "CBM 221 Extra"]
[Source "ChessBase"]
[SourceDate "2024.09.30"]
[SourceVersion "1"]
[SourceVersionDate "2024.09.30"]
[SourceQuality "1"]

1. e4 e5 2. Nf3 Nc6 3. Nc3 Nf6 4. d4 Bb4 5. Nxe5 Bxc3+ 6. bxc3 Qe7 7. Nxc6 Qxe4+ 8. Be2 Qxc6 9. 0-0 0-0 10. Qd3 d5 11. Bf4 Ne4 12. c4 dxc4 13. Qxc4 Nc3 14. Bd3 Qxc4 15. Bxc4 Be6 16. Bd3 c6 17. a4 Bf5 18. Bxf5 Ne2+ 19. Kh1 Nxf4 20. Rab1 Rab8 21. Rfe1 Rfd8 22. g3 Nd5 23. Rb3 Kf8 24. Bd3 Nf6 25. Reb1 b6 26. a5 b5 27. c4 b4 28. Rxb4 Rxb4 29. Rxb4 Rxd4 30. Bf1 Ke7 31. Kg2 Ne4 32. Kf3 Nc5 33. Ke3 Rd8 34. Rb1 Kd6 35. Kd4 g6 36. Bg2 Rd7 37. Kc3 Kc7 38. Re1 f5 39. Re8 Rd3+ 40. Kc2 Ra3 41. Kb2 Rxa5 42. Re7+ Kb6 43. Rxh7 Nd3+ 44. Kb3 Ra1 45. Rg7 Rg1 46. Bf3 Re1 47. Kc2 Ne5 48. Bd1 a5 49. Re7 Re4 50. Re6 Kc5 51. Kb3 Nxc4 52. Rxg6 a4+ 53. Kc3 Nd6 54. Rg8 Nb5+ 55. Kd2 Rd4+ 56. Kc2 a3 57. Ra8 Kb4 58. h4 c5 59. Bh5 Rd6 60. Bf7 c4 61. Rc8 Nd4+ 62. Kb1 Nc6 63. Ra8 Na5 64. Rxa5 Kxa5 65. Bxc4 Kb4 66. Bf7 Rd1+ 67. Kc2 Rf1 68. Kd3 Rxf2 69. Ke3 a2 70. Bxa2 Rxa2 71. Kf4 Kc5 72. Kxf5 Kd6 73. Kf6 Rf2+ 74. Kg7 Ke7 75. h5 Rg2 76. h6 Rxg3+ 77. Kh8 Kf6 78. h7 Ra3 0-1

[Event "BCF-ch"]
[Site "Hull"]
[Date "2024.07.30"]
[Round "4"]
[White "Salmons, Calum"]
[Black "McShane, Luke J"]
[Result "1/2-1/2"]
[WhiteElo "1999"]
[BlackElo "2617"]
[PlyCount "83"]
[EventDate "2024.07.27"]
[EventType "swiss"]
[EventRounds "9"]
[EventCountry "ENG"]
[SourceTitle "CBM 221 Extra"]
[Source "ChessBase"]
[SourceDate "2024.09.30"]
[SourceVersion "1"]
[SourceVersionDate "2024.09.30"]
[SourceQuality "1"]

1. d4 Nf6 2. Bf4 b6 3. e3 Bb7 4. Nf3 e6 5. Nbd2 Be7 6. Bd3 Nh5 7. Bg3 d6 8. c3 Nd7 9. Be4 c6 10. a4 a6 11. Qc2 g6 12. b4 0-0 13. 0-0 Nxg3 14. hxg3 d5 15. Bd3 c5 16. Rab1 Qc7 17. Qb2 c4 18. Bc2 f5 19. Nh2 g5 20. g4 h5 21. gxh5 g4 22. g3 Nf6 23. Kg2 Kg7 24. h6+ Kxh6 25. Rh1 Kg7 26. f3 Rh8 27. Rbg1 gxf3+ 28. Ndxf3 Bd6 29. Kf2 Ne4+ 30. Bxe4 fxe4 31. Nh4 Raf8+ 32. Ke2 Bxg3 33. Ng4 Rxh4 34. Rxh4 Bxh4 35. Ne5+ Kh7 36. Rg2 Qe7 37. Qc1 Rf5 38. Qh1 Qf6 39. Ng4 Qe7 40. Ne5 Rh5 41. Rf2 Rf5 42. Rg2 1/2-1/2

[Event "BCF-ch"]
[Site "Hull"]
[Date "2024.07.28"]
[Round "2"]
[White "Wu, Li"]
[Black "McShane, Luke J"]
[Result "0-1"]
[WhiteElo "2328"]
[BlackElo "2617"]
[PlyCount "118"]
[EventDate "2024.07.27"]
[EventType "swiss"]
[EventRounds "9"]
[EventCountry "ENG"]
[SourceTitle "CBM 221 Extra"]
[Source "ChessBase"]
[SourceDate "2024.09.30"]
[SourceVersion "1"]
[SourceVersionDate "2024.09.30"]
[SourceQuality "1"]

1. Nf3 Nf6 2. c4 b6 3. g3 Bb7 4. Bg2 e6 5. 0-0 Be7 6. b3 0-0 7. Bb2 c5 8. d4 cxd4 9. Qxd4 d6 10. Nc3 a6 11. Rfd1 Qc7 12. Ng5 Bxg2 13. Kxg2 Nbd7 14. Nge4 Rfd8 15. Nxf6+ Nxf6 16. e4 Qb7 17. f3 b5 18. cxb5 axb5 19. a3 Bf8 20. b4 Rac8 21. Qd3 d5 22. e5 Nd7 23. Nxb5 Nb6 24. Bd4 Nc4 25. a4 Bxb4 26. Rdb1 Qe7 27. Ra2 Ra8 28. f4 Rdb8 29. Nc3 Qe8 30. Rba1 Qc6 31. Nd1 Bf8 32. a5 Ra6 33. Ne3 Nxe3+ 34. Qxe3 Rc8 35. Qd3 g6 36. Bb6 Qc4 37. Qxc4 Rxc4 38. Rb1 Be7 39. Kf3 Kf8 40. Be3 Rc8 41. Rb7 Bd8 42. Bd2 Ke8 43. Ke3 Rca8 44. Rb5 Kd7 45. Kd4 Rc6 46. Ra4 Bc7 47. Kd3 Kc8 48. Ra2 Raa6 49. Rab2 Rc4 50. Ra2 Kd7 51. Rab2 Ra4 52. Bb4 Ra7 53. Bc3 Bxa5 54. Rb7+ Bc7 55. R7b5 Rc4 56. Bb4 g5 57. Bc5 Ra1 58. fxg5 Bxe5 59. Rb7+ Kc8 0-1